[Event "EU-chT Seniors 50"]
[Site "Dresden"]
[Date "2022.11.03"]
[Round "8.3"]
[White "Nobis, Martina"]
[Black "Mueller, Thomas2222"]
[Result "0-1"]
[WhiteElo "1823"]
[BlackElo "1952"]
[PlyCount "96"]
[EventDate "2022.10.27"]
[EventType "team-swiss"]
[EventRounds "9"]
[EventCountry "GER"]
[SourceTitle "EXT 2024"]
[Source "ChessBase"]
[SourceDate "2023.10.10"]
[SourceVersion "1"]
[SourceVersionDate "2023.10.10"]
[SourceQuality "1"]
[WhiteTeam "Germany (Women) 50 II"]
[BlackTeam "Schwarzwald 50"]
[WhiteTeamCountry "GER"]
[BlackTeamCountry "GER"]

1. e4 e6 2. d4 d5 3. Nc3 Bb4 4. e5 Ne7 5. a3 Bxc3+ 6. bxc3 b6 7. a4 Ba6 8. Bxa6 Nxa6 9. Nf3 Nb8 10. 0-0 Nbc6 11. Re1 Na5 12. Qe2 Qd7 13. Ng5 h5 14. Nh3 Rc8 15. Nf4 g6 16. Nh3 c5 17. Bg5 cxd4 18. cxd4 Rc4 19. Qd3 Rxa4 20. Rxa4 Qxa4 21. Bf6 Rg8 22. Qd2 Nf5 23. c3 Nc4 24. Qc1 Qa2 25. Ng5 a5 26. Kf1 a4 27. h3 h4 28. Nf3 a3 29. Re2 Qb3 30. Nd2 Nxd2+ 31. Rxd2 Kd7 32. Qa1 Ra8 33. Ra2 b5 34. Bg5 b4 35. cxb4 Qd3+ 36. Kg1 Nxd4 37. Be3 Nb5 38. Rd2 Qc3 39. Qxc3 Nxc3 40. Bd4 Nb5 41. Ba1 Ra4 42. Kf1 Rxb4 43. Ke2 Rb3 44. Rd3 Rb1 45. Rd1 Rxd1 46. Kxd1 d4 47. Kc2 Kc6 48. Kd3 Kc5 0-1

[Event "EU-chT Seniors 50"]
[Site "Dresden"]
[Date "2022.11.02"]
[Round "7.3"]
[White "Fuchs, Joachim1111"]
[Black "Nobis, Martina"]
[Result "0-1"]
[WhiteElo "1901"]
[BlackElo "1823"]
[PlyCount "151"]
[EventDate "2022.10.27"]
[EventType "team-swiss"]
[EventRounds "9"]
[EventCountry "GER"]
[SourceTitle "EXT 2024"]
[Source "ChessBase"]
[SourceDate "2023.10.10"]
[SourceVersion "1"]
[SourceVersionDate "2023.10.10"]
[SourceQuality "1"]
[WhiteTeam "Markkleeberg 50 II"]
[BlackTeam "Germany (Women) 50 II"]
[WhiteTeamCountry "GER"]
[BlackTeamCountry "GER"]

1. d4 d5 2. c4 e6 3. Nf3 Nf6 4. Bg5 Be7 5. e3 0-0 6. Nc3 Nbd7 7. h3 Re8 8. Bd3 h6 9. Bf4 dxc4 10. Bxc4 Nb6 11. Bb3 Nbd5 12. Be5 Bb4 13. Qc2 c6 14. 0-0 Bd6 15. e4 Nb4 16. Qe2 Bxe5 17. dxe5 Nd7 18. Rad1 Qc7 19. Qc4 Na6 20. Qd4 Nac5 21. Bc2 a5 22. Rd2 b6 23. Rc1 Ba6 24. Qd6 Rac8 25. a3 Nf8 26. Qd4 Red8 27. Qe3 Rxd2 28. Qxd2 Rd8 29. Qf4 Ng6 30. Qg3 Bd3 31. b4 axb4 32. axb4 Nb7 33. h4 Bxc2 34. Rxc2 Qe7 35. h5 Nf8 36. Rb2 Nd7 37. Nh2 c5 38. bxc5 Nbxc5 39. Ng4 Qg5 40. Rb1 Kh8 41. Rd1 Qxh5 42. f3 Qg5 43. Nb5 h5 44. Qh2 Kg8 45. Nf2 Ra8 46. f4 Qh6 47. Qh4 Nf8 48. Nd6 Ng6 49. Qh3 Nxf4 50. Qf3 Ra7 51. Nc8 Rd7 52. Rd6 Qg5 53. Nxb6 Ra7 54. Rd1 Ra3 55. Nd3 Rxd3 56. Rxd3 Ncxd3 57. g3 Nxe5 58. Qxf4 Qxf4 59. gxf4 Nd3 60. f5 Nc5 61. fxe6 fxe6 62. e5 Kf7 63. Kf2 Nd3+ 64. Ke3 Nxe5 65. Kf4 Kf6 66. Na4 g5+ 67. Kg3 Kf5 68. Nc5 Ng6 69. Nd3 e5 70. Nf2 e4 71. Nd1 h4+ 72. Kf2 Kf4 73. Ne3 h3 74. Nf1 g4 75. Kg1 Ne5 76. Kh2 0-1

[Event "GER-chT Federal Cup (Women)"]
[Site "Braunfels"]
[Date "2021.10.23"]
[Round "4.23"]
[White "Nobis, Martina"]
[Black "Braeutigam, Katerina"]
[Result "1-0"]
[WhiteElo "1856"]
[BlackElo "1734"]
[PlyCount "150"]
[EventDate "2021.10.19"]
[EventType "team-tourn"]
[EventRounds "5"]
[EventCountry "GER"]
[SourceTitle "CBM 204 Extra"]
[Source "ChessBase"]
[SourceDate "2021.11.30"]
[SourceVersion "1"]
[SourceVersionDate "2021.11.30"]
[SourceQuality "1"]

1. e4 c6 2. d4 d5 3. Nc3 dxe4 4. Nxe4 Bf5 5. Ng3 Bg6 6. h4 h6 7. h5 Bh7 8. Nf3 Nd7 9. Bd3 Bxd3 10. Qxd3 e6 11. Bd2 Ngf6 12. 0-0-0 Be7 13. Kb1 0-0 14. Qe2 Qb6 15. Bc1 Nd5 16. Rd3 c5 17. Rb3 Qc7 18. c4 N5b6 19. d5 e5 20. Nf5 Bf6 21. g4 Qd8 22. g5 Bxg5 23. Nxg5 hxg5 24. Qg4 f6 25. Qe4 Nc8 26. Rxb7 Rb8 27. Rxb8 Nxb8 28. h6 g6 29. Ng7 Qd7 30. Qxg6 Qf7 31. Qc2 Nd7 32. Ne6 Re8 33. Be3 Qh7 34. Nxc5 Qxc2+ 35. Kxc2 Ndb6 36. b3 Kh7 37. Ne4 Kg6 38. a3 f5 39. Nxg5 f4 40. Bxb6 axb6 41. Ne4 Rd8 42. h7 Rh8 43. Kd3 Ne7 44. Rg1+ Kf7 45. Nd6+ Kf6 46. Rh1 Kg6 47. Ke4 Kf6 48. Rh6+ Ng6 49. Nf5 Kg5 50. Rh1 Kf6 51. b4 Rc8 52. Nd6 Ra8 53. Rh3 Kg7 54. h8Q+ Nxh8 55. Kxe5 Ng6+ 56. Ke4 Kf6 57. Kd4 Ke7 58. Nb5 Rb8 59. Rh7+ Kf6 60. Rd7 Ne5 61. Rd6+ Kf5 62. Re6 Ng4 63. Nd6+ Kg5 64. Ne4+ Kh5 65. Nf6+ Kg5 66. Nxg4 Kxg4 67. Ke4 Rc8 68. f3+ Kg5 69. Kd4 Rb8 70. d6 Kf5 71. Kd5 Rd8 72. Re4 Ra8 73. d7 Rd8 74. Kc6 Rh8 75. Kc7 Rh7 1-0

[Event "GER-chT Federal Cup (Women)"]
[Site "Braunfels"]
[Date "2021.10.22"]
[Round "2.15"]
[White "Nobis, Martina"]
[Black "Werner, Rosalie"]
[Result "0-1"]
[WhiteElo "1856"]
[BlackElo "1707"]
[PlyCount "58"]
[EventDate "2021.10.19"]
[EventType "team-tourn"]
[EventRounds "5"]
[EventCountry "GER"]
[SourceTitle "CBM 204 Extra"]
[Source "ChessBase"]
[SourceDate "2021.11.30"]
[SourceVersion "1"]
[SourceVersionDate "2021.11.30"]
[SourceQuality "1"]

1. e4 e6 2. d4 d5 3. Nd2 Nf6 4. e5 Nfd7 5. Ndf3 c5 6. c3 Nc6 7. Bd3 cxd4 8. cxd4 f6 9. exf6 Nxf6 10. Ne2 Bd6 11. 0-0 0-0 12. a3 Bd7 13. Bg5 Be8 14. Nf4 Qd7 15. Qe1 Bf7 16. Ne5 Bxe5 17. dxe5 Ng4 18. Qb1 h6 19. Bh7+ Kh8 20. Ng6+ Bxg6 21. Bxg6 hxg5 22. Qd1 Ncxe5 23. Bc2 Qd6 24. f4 gxf4 25. h3 f3 26. hxg4 Nxg4 27. Rxf3 Qh2+ 28. Kf1 Qh1+ 29. Ke2 Qxg2+ 0-1

[Event "BL2 Ost 1819 (Women)"]
[Site "Germany"]
[Date "2019.01.12"]
[Round "6.3"]
[White "Nobis, Martina"]
[Black "Beltz, Martina"]
[Result "1/2-1/2"]
[WhiteElo "1886"]
[BlackElo "1943"]
[PlyCount "48"]
[EventDate "2018.10.27"]
[EventType "team-tourn"]
[EventRounds "7"]
[EventCountry "GER"]
[SourceTitle "CBM 190 Extra"]
[Source "ChessBase"]
[SourceDate "2019.07.15"]
[SourceVersion "1"]
[SourceVersionDate "2019.07.15"]
[SourceQuality "1"]
[WhiteTeam "Niederwiesa Gruen Weiss (W)"]
[BlackTeam "Leipzig SG (W)"]
[WhiteTeamCountry "GER"]
[BlackTeamCountry "GER"]

1. e4 c5 2. Nf3 e6 3. c3 d6 4. Bb5+ Bd7 5. Bxd7+ Nxd7 6. 0-0 Ngf6 7. d3 c4 8. Re1 Nc5 9. dxc4 Ncxe4 10. Qc2 Nc5 11. Nbd2 Be7 12. Nd4 0-0 13. N2f3 Rc8 14. b3 d5 15. cxd5 Nxd5 16. Bb2 Qb6 17. Rad1 Bf6 18. Qe2 Rfd8 19. Ne5 Qc7 20. Ndf3 Nf4 21. Qe3 Nd5 22. Qe2 Nf4 23. Qe3 Nd5 24. Qe2 Nf4 1/2-1/2

[Event "BL2 Ost 1819 (Women)"]
[Site "Germany"]
[Date "2018.11.17"]
[Round "3.3"]
[White "Dietrich, Mareike"]
[Black "Nobis, Martina"]
[Result "0-1"]
[WhiteElo "1735"]
[BlackElo "1886"]
[PlyCount "38"]
[EventDate "2018.10.27"]
[EventType "team-tourn"]
[EventRounds "7"]
[EventCountry "GER"]
[SourceTitle "CBM 190 Extra"]
[Source "ChessBase"]
[SourceDate "2019.07.15"]
[SourceVersion "1"]
[SourceVersionDate "2019.07.15"]
[SourceQuality "1"]
[WhiteTeam "Saalfeld (W)"]
[BlackTeam "Niederwiesa Gruen Weiss (W)"]
[WhiteTeamCountry "GER"]
[BlackTeamCountry "GER"]

1. e4 c5 2. Nf3 d6 3. d4 cxd4 4. Nxd4 a6 5. Nc3 Nf6 6. Bg5 e6 7. f4 Be7 8. Qf3 Qc7 9. 0-0-0 0-0 10. g4 Nc6 11. Bh4 Nxd4 12. Rxd4 b5 13. g5 Nd7 14. f5 Ne5 15. Qh3 Qc5 16. Rd2 b4 17. Na4 Qc6 18. b3 exf5 19. Bg2 f4 0-1

[Event "BL2 Ost 1819 (Women)"]
[Site "Germany"]
[Date "2018.10.28"]
[Round "2.2"]
[White "Nobis, Martina"]
[Black "Daemering, Katrin"]
[Result "1-0"]
[WhiteElo "1886"]
[BlackElo "2038"]
[PlyCount "53"]
[EventDate "2018.10.27"]
[EventType "team-tourn"]
[EventRounds "7"]
[EventCountry "GER"]
[SourceTitle "CBM 190 Extra"]
[Source "ChessBase"]
[SourceDate "2019.07.15"]
[SourceVersion "1"]
[SourceVersionDate "2019.07.15"]
[SourceQuality "1"]
[WhiteTeam "Niederwiesa Gruen Weiss (W)"]
[BlackTeam "Leipzig Blauweiss Allianz (W)"]
[WhiteTeamCountry "GER"]
[BlackTeamCountry "GER"]

1. e4 c5 2. Nf3 d6 3. d4 cxd4 4. Nxd4 Nf6 5. Nc3 a6 6. Be2 e6 7. 0-0 Be7 8. Be3 Qc7 9. f4 Nc6 10. Bf3 Na5 11. Kh1 Nc4 12. Bc1 e5 13. Nde2 b5 14. Nd5 Nxd5 15. exd5 Bb7 16. b3 e4 17. Bxe4 Nb6 18. Bb2 0-0 19. Qd3 f5 20. Bxf5 Rxf5 21. Qxf5 Nxd5 22. Rad1 Nb6 23. Qg4 Bf8 24. Nd4 Bc8 25. f5 Nd7 26. Ne6 Qxc2 27. Bxg7 1-0

[Event "GER-chT Federal Cup (Women)"]
[Site "Braunfels"]
[Date "2018.06.01"]
[Round "2.5"]
[White "Nobis, Martina"]
[Black "V D Weth V Nordheim, Petra"]
[Result "1-0"]
[WhiteElo "1864"]
[BlackElo "1940"]
[PlyCount "91"]
[EventDate "2018.05.31"]
[EventType "team-swiss"]
[EventRounds "5"]
[EventCountry "GER"]
[SourceTitle "EXT 2020"]
[Source "ChessBase"]
[SourceDate "2019.10.17"]
[SourceVersion "1"]
[SourceVersionDate "2019.10.17"]
[SourceQuality "1"]
[WhiteTeam "Sachsen (W)"]
[BlackTeam "Thueringen (W)"]
[WhiteTeamCountry "GER"]
[BlackTeamCountry "GER"]

1. e4 c5 2. Nf3 g6 3. d4 cxd4 4. Nxd4 Bg7 5. c3 Nc6 6. Be3 d6 7. Be2 Nf6 8. Nd2 0-0 9. 0-0 a6 10. f4 Bd7 11. Bf3 Qc8 12. Kh1 Bg4 13. Qe1 Bxf3 14. Rxf3 e5 15. Ne2 Re8 16. f5 gxf5 17. exf5 e4 18. Rf1 Ne5 19. Qh4 Neg4 20. Bd4 e3 21. Nb3 Re4 22. Qg3 Ne5 23. h3 Qd8 24. Kg1 Nh5 25. Qe1 Qg5 26. Rd1 Rd8 27. Bb6 Rd7 28. Nbd4 Bh6 29. b3 Nf4 30. Qg3 Nxe2+ 31. Nxe2 Qxg3 32. Nxg3 Rf4 33. Bxe3 Rxf1+ 34. Nxf1 Bg7 35. Bd4 Kf8 36. Ng3 Ke7 37. Kf2 f6 38. Nh5 Bh6 39. g4 Rc7 40. Ng3 b5 41. Ne4 Rc6 42. Kg3 a5 43. h4 b4 44. c4 a4 45. g5 Bg7 46. Kf4 1-0

[Event "GER-chT Federal Cup (Women)"]
[Site "Braunfels"]
[Date "2018.05.31"]
[Round "1.5"]
[White "Fuchs, Emily"]
[Black "Nobis, Martina"]
[Result "1/2-1/2"]
[WhiteElo "1280"]
[BlackElo "1864"]
[PlyCount "113"]
[EventDate "2018.05.31"]
[EventType "team-swiss"]
[EventRounds "5"]
[EventCountry "GER"]
[SourceTitle "EXT 2020"]
[Source "ChessBase"]
[SourceDate "2019.10.17"]
[SourceVersion "1"]
[SourceVersionDate "2019.10.17"]
[SourceQuality "1"]
[WhiteTeam "Saarland SG (W)"]
[BlackTeam "Sachsen (W)"]
[WhiteTeamCountry "GER"]
[BlackTeamCountry "GER"]

1. e4 g6 2. Nf3 Bg7 3. d4 d6 4. b3 c5 5. Bb2 Nc6 6. Qd2 Bd7 7. c4 cxd4 8. Nxd4 Nf6 9. Bd3 0-0 10. Nxc6 Bxc6 11. Nc3 e6 12. Rd1 Qc7 13. 0-0 Rfd8 14. Qe2 Nh5 15. f4 Bd4+ 16. Kh1 Qa5 17. Nb5 Bxb2 18. Qxb2 Bxb5 19. cxb5 Qb6 20. e5 dxe5 21. fxe5 Rd5 22. Rf3 Rad8 23. Qe2 Qd4 24. Qf1 R8d7 25. Re1 Rxe5 26. Bc4 Rxe1 27. Qxe1 Qd1 28. Rf1 Qxe1 29. Rxe1 Nf4 30. Kg1 Kf8 31. a4 Rd2 32. g3 Nd3 33. Rf1 Ke7 34. Rf3 Ne5 35. Rc3 Nxc4 36. bxc4 Ra2 37. c5 Rxa4 38. c6 bxc6 39. bxc6 Kd8 40. Rd3+ Kc7 41. Rd7+ Kxc6 42. Rxf7 e5 43. Rxh7 Kd5 44. Kf2 a5 45. Kf3 Ke6 46. Rh8 Rb4 47. Re8+ Kf6 48. Rf8+ Ke7 49. Ra8 a4 50. Ra6 g5 51. Ke3 g4 52. Kd3 Rd4+ 53. Kc3 Kf7 54. Rb6 Ke7 55. Ra6 Kd7 56. Rg6 Re4 57. Rh6 1/2-1/2

[Event "Regionalliga Ost 1718 (Women)"]
[Site "Germany"]
[Date "2017.10.15"]
[Round "1.2"]
[White "Nobis, Martina"]
[Black "Peglau, Charis"]
[Result "1-0"]
[WhiteElo "1864"]
[BlackElo "1193"]
[PlyCount "101"]
[EventDate "2017.10.15"]
[EventType "team-tourn"]
[EventRounds "5"]
[EventCountry "GER"]
[SourceTitle "CBM 183 Extra"]
[Source "ChessBase"]
[SourceDate "2018.04.19"]
[SourceVersion "1"]
[SourceVersionDate "2018.04.19"]
[SourceQuality "1"]
[WhiteTeam "Niederwiesa (W)"]
[BlackTeam "Dippoldiswalde Seeblick (W)"]
[WhiteTeamCountry "GER"]
[BlackTeamCountry "GER"]

1. e4 c5 2. Nf3 d6 3. d4 cxd4 4. Nxd4 Nf6 5. Nc3 g6 6. Bb5+ Bd7 7. Bxd7+ Nbxd7 8. 0-0 Bg7 9. Re1 0-0 10. Rb1 Qb6 11. Be3 Nc5 12. f3 Qb4 13. a3 Qc4 14. Qd2 Nfd7 15. b3 Qa6 16. Nd5 e6 17. Nc7 Qb6 18. Nxa8 Rxa8 19. b4 Na4 20. Nxe6 Bc3 21. Qe2 Qc6 22. Nd4 Qb6 23. Nb5 Qc6 24. Red1 Bg7 25. Rxd6 Nc3 26. Qd3 Qxb5 27. Qxb5 Nxb5 28. Rxd7 Nxa3 29. Rbd1 Bf8 30. Rd8 Rxd8 31. Rxd8 Kg7 32. Bd4+ f6 33. c3 Be7 34. Rd7 Kf8 35. Rxb7 a6 36. Ra7 Nb5 37. Rxa6 Kf7 38. Rb6 Nxd4 39. cxd4 g5 40. Kf2 Kg6 41. Ke3 Bd8 42. Rb7 h6 43. b5 Ba5 44. b6 Bb4 45. Rd7 Ba5 46. b7 f5 47. b8Q f4+ 48. Kd3 Kh5 49. Qe8+ Kh4 50. Qg6 h5 51. Rh7 1-0

[Event "GER-chT Federal Cup (Women)"]
[Site "Braunfels"]
[Date "2016.05.27"]
[Round "2.5"]
[White "Nobis, Martina"]
[Black "Heil, Marina"]
[Result "1-0"]
[WhiteElo "1894"]
[BlackElo "1880"]
[PlyCount "63"]
[EventDate "2016.05.26"]
[EventType "team-swiss"]
[EventRounds "5"]
[EventCountry "GER"]
[SourceTitle "EXT 2019"]
[Source "ChessBase"]
[SourceDate "2018.10.10"]
[SourceVersion "1"]
[SourceVersionDate "2018.10.10"]
[SourceQuality "1"]
[WhiteTeam "Sachsen (W)"]
[BlackTeam "Wuerttemberg (W)"]
[WhiteTeamCountry "GER"]
[BlackTeamCountry "GER"]

1. e4 c5 2. Nf3 Nc6 3. d4 cxd4 4. Nxd4 e5 5. Nb5 d6 6. c4 Be7 7. N1c3 a6 8. Na3 Be6 9. Nc2 Bg5 10. Ne3 Nf6 11. Nf5 Bxf5 12. Bxg5 Be6 13. Be2 Nd4 14. Bd3 Rc8 15. Nd5 Bxd5 16. cxd5 h6 17. Be3 Qa5+ 18. Bd2 Qb6 19. Rb1 0-0 20. 0-0 Rfe8 21. h3 Nd7 22. Qg4 f5 23. exf5 Nf6 24. Qg6 e4 25. Bxh6 Qc7 26. Be3 Qb6 27. Bg5 Rf8 28. Rbc1 Rxc1 29. Rxc1 exd3 30. Bxf6 Rxf6 31. Rc8+ Rf8 32. f6 1-0

[Event "BL 1516 (Women)"]
[Site "Germany"]
[Date "2016.01.24"]
[Round "7.1"]
[White "Nobis, Martina"]
[Black "Schmidt, Jessica"]
[Result "0-1"]
[WhiteElo "1919"]
[BlackElo "2297"]
[PlyCount "134"]
[EventDate "2015.09.26"]
[EventType "team-tourn"]
[EventRounds "11"]
[EventCountry "GER"]
[SourceTitle "EXT 2017"]
[Source "ChessBase"]
[SourceDate "2016.10.25"]
[SourceVersion "1"]
[SourceVersionDate "2016.10.25"]
[SourceQuality "1"]
[WhiteTeam "Niederwiesa (W)"]
[BlackTeam "Karlsruhe (W)"]
[WhiteTeamCountry "GER"]
[BlackTeamCountry "GER"]

1. e4 d5 2. exd5 Nf6 3. d4 Nxd5 4. c4 Nf6 5. Nc3 g6 6. Nf3 Bg7 7. Be2 0-0 8. 0-0 Bf5 9. Re1 Ne4 10. Bf1 Nxc3 11. bxc3 c5 12. Bg5 Re8 13. Qb3 Qc7 14. Bh4 Nc6 15. Bg3 Qc8 16. d5 Na5 17. Qa3 b6 18. Qc1 Qb7 19. Nh4 Bd7 20. Bd3 Qa6 21. Nf3 b5 22. cxb5 Bxb5 23. Bxb5 Qxb5 24. Rb1 Qd7 25. c4 Qa4 26. Be5 Qxc4 27. Qxc4 Nxc4 28. Bxg7 Kxg7 29. Rbc1 Nb6 30. Rxc5 Kf8 31. Rd1 Red8 32. Kf1 Rac8 33. Ra5 Rc7 34. Ke2 Rc2+ 35. Ke1 Rd7 36. Nd4 Rcc7 37. Nf3 Rc4 38. h3 h6 39. a3 Re4+ 40. Kf1 Nc4 41. Ra6 Rb7 42. Re1 Rf4 43. Ne5 Nxe5 44. Rxe5 Rd4 45. Ra5 Rd7 46. Ke2 f6 47. Re6 R4xd5 48. Rxd5 Rxd5 49. Ra6 Rd7 50. Ke3 h5 51. f4 Kf7 52. g4 h4 53. Rc6 Rb7 54. Rc3 Rb5 55. a4 Rb4 56. Ra3 a5 57. f5 gxf5 58. gxf5 Ke8 59. Kf3 Kd7 60. Rd3+ Kc6 61. Re3 Kd6 62. Re6+ Kd7 63. Ra6 Rxa4 64. Ra7+ Kd6 65. Ra6+ Ke5 66. Re6+ Kxf5 67. Rxe7 Ra3+ 0-1

[Event "BL 1516 (Women)"]
[Site "Germany"]
[Date "2015.09.26"]
[Round "1.1"]
[White "Milliet, Sophie"]
[Black "Nobis, Martina"]
[Result "1-0"]
[WhiteElo "2368"]
[BlackElo "1919"]
[PlyCount "63"]
[EventDate "2015.09.26"]
[EventType "team-tourn"]
[EventRounds "11"]
[EventCountry "GER"]
[SourceTitle "CBM 168 Extra"]
[Source "ChessBase"]
[SourceDate "2015.10.29"]
[SourceVersion "1"]
[SourceVersionDate "2015.10.29"]
[SourceQuality "1"]
[WhiteTeam "Schwaebisch Hall (W)"]
[BlackTeam "Niederwiesa (W)"]
[WhiteTeamCountry "GER"]
[BlackTeamCountry "GER"]

1. e4 Nf6 2. e5 Nd5 3. d4 c5 4. c4 Nb4 5. d5 d6 6. e6 fxe6 7. a3 N4a6 8. Bd3 g6 9. h4 exd5 10. cxd5 Nd7 11. h5 Nf6 12. hxg6 Bd7 13. gxh7 Qb6 14. Bg6+ Kd8 15. Nc3 Kc7 16. Qe2 Rd8 17. Nf3 Bg4 18. Bd2 Qb3 19. Bd3 Kb8 20. Rh4 Bc8 21. Ng5 Bg7 22. Bc4 Qc2 23. Bd3 Qb3 24. Nf7 Nxd5 25. Nxd5 Qxd5 26. Nxd8 Bf6 27. Bc3 e5 28. Qe4 Nc7 29. Qxd5 Nxd5 30. Nf7 Bxh4 31. Nxh8 Nf4 32. Be4 1-0

[Event "BL2 Ost 1415 (Women)"]
[Site "Germany"]
[Date "2014.12.14"]
[Round "5.4"]
[White "Nobis, Martina"]
[Black "Pruetting, Kerstin"]
[Result "1-0"]
[WhiteElo "1868"]
[BlackElo "1551"]
[PlyCount "77"]
[EventDate "2014.09.27"]
[EventType "team-tourn"]
[EventRounds "7"]
[EventCountry "GER"]
[SourceTitle "CBM 166 Extra"]
[Source "ChessBase"]
[SourceDate "2015.06.18"]
[SourceVersion "1"]
[SourceVersionDate "2015.06.18"]
[SourceQuality "1"]
[WhiteTeam "Niederwiesa (W)"]
[BlackTeam "Zeulenroda (W)"]
[WhiteTeamCountry "GER"]
[BlackTeamCountry "GER"]

1. e4 c6 2. d4 d5 3. e5 Bf5 4. Ne2 e6 5. Ng3 Bg6 6. h4 h6 7. h5 Bh7 8. Bd3 Bxd3 9. Qxd3 Nd7 10. f4 Qc7 11. Nd2 c5 12. c3 cxd4 13. cxd4 Rc8 14. 0-0 Qc2 15. Qf3 Ne7 16. Nb3 f5 17. Rf2 Qc7 18. Bd2 Nc6 19. Rc1 Qd8 20. Ne2 Be7 21. g4 0-0 22. gxf5 Bh4 23. Rg2 Rxf5 24. Qg4 Qe7 25. Na5 Rf7 26. a3 Nb6 27. Nxc6 Rxc6 28. Rxc6 bxc6 29. Bb4 Qd8 30. Qxe6 Qc7 31. Qxh6 Nc4 32. Qe6 Ne3 33. Rg6 Nf5 34. Qxc6 Qb8 35. Qxd5 Kh7 36. e6 Rb7 37. Qxf5 Rb5 38. Rh6+ Kg8 39. Qh7# 1-0

[Event "GER-chT Federal Cup (Women)"]
[Site "Braunfels"]
[Date "2014.06.20"]
[Round "2.6"]
[White "Sokalskaja, Elena"]
[Black "Nobis, Martina"]
[Result "1-0"]
[WhiteElo "1933"]
[BlackElo "1846"]
[PlyCount "101"]
[EventDate "2014.06.19"]
[EventType "team-swiss"]
[EventRounds "5"]
[EventCountry "GER"]
[SourceTitle "EXT 2015"]
[Source "ChessBase"]
[SourceDate "2014.11.20"]
[SourceVersion "1"]
[SourceVersionDate "2014.11.20"]
[SourceQuality "1"]
[WhiteTeam "Nordrhein Westfalen (W)"]
[BlackTeam "Sachsen (W)"]
[WhiteTeamCountry "GER"]
[BlackTeamCountry "GER"]

1. d4 d5 2. Nf3 e6 3. c4 c6 4. Nc3 Bd6 5. g3 f5 6. Bg2 Nf6 7. 0-0 0-0 8. Bg5 Qe8 9. Bxf6 Rxf6 10. Ne5 Rh6 11. e3 g5 12. f4 g4 13. Rf2 Nd7 14. Qc2 Nf6 15. Bf1 Ne4 16. Rg2 Bd7 17. Bd3 Qe7 18. a3 Rf8 19. Rf1 Rh3 20. b4 Be8 21. Na4 Rf6 22. Nc5 Rfh6 23. Bxe4 dxe4 24. Nb3 Bc7 25. c5 Bd7 26. Nd2 Qe8 27. Ndc4 Bc8 28. Rff2 b6 29. cxb6 axb6 30. Nd2 Bxe5 31. dxe5 Ba6 32. Nb3 Bd3 33. Qc3 Qd7 34. Nd4 Bb5 35. Qb3 Ba6 36. Nxf5 Rg6 37. Nd6 Rgh6 38. Nxe4 Qd3 39. Qxd3 Bxd3 40. Nd6 c5 41. bxc5 bxc5 42. Rd2 c4 43. Rd1 Kf8 44. Rc1 Ke7 45. Nxc4 Be4 46. Rb2 Rxg3+ 47. Kf1 Rgh3 48. Nd6 Bd3+ 49. Kg1 Ba6 50. Rc7+ Kd8 51. Ra7 1-0

[Event "GER-chT Federal Cup (Women)"]
[Site "Braunfels"]
[Date "2013.06.02"]
[Round "5.5"]
[White "Nobis, Martina"]
[Black "Heymann, Anna Luise"]
[Result "0-1"]
[WhiteElo "1881"]
[BlackElo "1988"]
[PlyCount "110"]
[EventDate "2013.05.30"]
[EventType "team-swiss"]
[EventRounds "5"]
[EventCountry "GER"]
[SourceTitle "EXT 2014"]
[Source "ChessBase"]
[SourceDate "2013.11.20"]
[SourceVersion "1"]
[SourceVersionDate "2013.11.20"]
[SourceQuality "1"]
[WhiteTeam "Sachsen (W)"]
[BlackTeam "Hessen (W)"]
[WhiteTeamCountry "GER"]
[BlackTeamCountry "GER"]

1. e4 e5 2. Bc4 Nf6 3. d3 Bc5 4. Nf3 d6 5. c3 0-0 6. Bg5 h6 7. Bh4 Nbd7 8. Nbd2 Re8 9. b4 Bb6 10. Qb3 Qe7 11. 0-0 Nf8 12. a4 a5 13. bxa5 Bxa5 14. Qc2 c6 15. Rfe1 Ng6 16. Bg3 Nh5 17. Nf1 Qf6 18. Ne3 Nhf4 19. Rab1 Ra7 20. Kh1 Nh3 21. Rec1 h5 22. Nf5 Bxf5 23. exf5 Qxf5 24. Nh4 Nxh4 25. Bxh4 Nf4 26. f3 d5 27. Ba2 Qg6 28. Qf2 Raa8 29. Rd1 Bxc3 30. Qc2 Qxg2+ 31. Qxg2 Nxg2 32. Kxg2 Rxa4 33. Bxd5 cxd5 34. Rb3 Bd4 35. Rxb7 Ra2+ 36. Kh3 Rc8 37. Rd7 f5 38. Rd8+ Rxd8 39. Bxd8 f4 40. Bh4 Bf2 41. Bg5 Bd4 42. Bh4 Kh7 43. Be1 Re2 44. Bh4 Kh6 45. Be1 Bg1 46. Bg3 fxg3 47. Rxg1 gxh2 48. Rh1 Kg5 49. Kg3 Rd2 50. Re1 h4+ 51. Kh3 Kf4 52. Kxh4 Kxf3 53. Kh3 g5 54. Rf1+ Rf2 55. Re1 g4+ 0-1

[Event "GER-chT Federal Cup (Women)"]
[Site "Braunfels"]
[Date "2013.05.31"]
[Round "3.5"]
[White "Nobis, Martina"]
[Black "Hielscher, Ursula"]
[Result "0-1"]
[WhiteElo "1881"]
[BlackElo "1904"]
[PlyCount "88"]
[EventDate "2013.05.30"]
[EventType "team-swiss"]
[EventRounds "5"]
[EventCountry "GER"]
[SourceTitle "EXT 2014"]
[Source "ChessBase"]
[SourceDate "2013.11.20"]
[SourceVersion "1"]
[SourceVersionDate "2013.11.20"]
[SourceQuality "1"]
[WhiteTeam "Sachsen (W)"]
[BlackTeam "Schleswig Holstein (W)"]
[WhiteTeamCountry "GER"]
[BlackTeamCountry "GER"]

1. e4 e6 2. d4 d5 3. Nc3 Bb4 4. e5 c5 5. Bd2 a6 6. a3 cxd4 7. axb4 dxc3 8. Bxc3 Bd7 9. Qg4 g6 10. Bd3 Nc6 11. Nf3 d4 12. Bd2 Qc7 13. Qg3 Qb6 14. c3 dxc3 15. bxc3 Na7 16. 0-0 Bb5 17. c4 Qd8 18. Ra3 Bc6 19. Bg5 Qc8 20. Nd4 Bd7 21. Be2 h6 22. Be3 Ne7 23. Rfa1 Nac6 24. Nxc6 Bxc6 25. Bb6 Nf5 26. Qf4 g5 27. Qd2 0-0 28. b5 Be8 29. f4 f6 30. exf6 Qd7 31. Rd3 Qf7 32. fxg5 hxg5 33. Bc5 Qxf6 34. Rf1 Rf7 35. g4 Qe5 36. Bb4 Nh4 37. Rxf7 Kxf7 38. Re3 Qa1+ 39. Bf1 axb5 40. Qf2+ Qf6 41. Qe2 Bc6 42. Bc3 Qf4 43. Be5 Nf3+ 44. Kf2 Nxe5+ 0-1

[Event "GER-chT Federal Cup (Women)"]
[Site "Braunfels"]
[Date "2013.05.30"]
[Round "1.5"]
[White "Nobis, Martina"]
[Black "Henrichs, Wenke"]
[Result "0-1"]
[WhiteElo "1881"]
[BlackElo "2047"]
[PlyCount "72"]
[EventDate "2013.05.30"]
[EventType "team-swiss"]
[EventRounds "5"]
[EventCountry "GER"]
[SourceTitle "EXT 2014"]
[Source "ChessBase"]
[SourceDate "2013.11.20"]
[SourceVersion "1"]
[SourceVersionDate "2013.11.20"]
[SourceQuality "1"]
[WhiteTeam "Sachsen (W)"]
[BlackTeam "Nordrhein Westfalen (W)"]
[WhiteTeamCountry "GER"]
[BlackTeamCountry "GER"]

1. e4 e6 2. d4 d5 3. Nc3 Nf6 4. e5 Nfd7 5. Nf3 c5 6. Be2 Nc6 7. Bf4 cxd4 8. Nb5 Bb4+ 9. Kf1 0-0 10. Nbxd4 Bc5 11. c3 Qe7 12. Bd3 f6 13. exf6 Nxf6 14. Bg5 e5 15. Nxc6 bxc6 16. Be2 Bg4 17. h3 Bxf3 18. gxf3 Qe6 19. Bh4 Nh5 20. Bg3 Nf4 21. Bxf4 Rxf4 22. Rh2 Raf8 23. Rc1 e4 24. b4 Bb6 25. a4 exf3 26. Bd3 Rh4 27. Qc2 g6 28. Re1 Qd6 29. Rh1 Kg7 30. a5 Bd8 31. Rd1 Qd7 32. Be4 Rxh3 33. Rxh3 Qxh3+ 34. Ke1 dxe4 35. Qxe4 Bg5 36. Qd4+ Kh6 0-1